South Dakota General Knowledge - Statistics

General Stats
  • This quiz has been taken 138 times
  • The average score is 8 of 15
Answer Stats
Hint Answer % Correct
2nd least populated capital city in the United States Pierre
100%
Massive iconic sculpture carved into the Black Hills region Mount Rushmore
97%
Largest city in South Dakota, known for its parks and waterfalls Sioux Falls
88%
National park known for its dramatic formations and canyons Badlands
85%
Mountain monument under construction in the Black Hills Crazy Horse
81%
Second largest city known as the gateway to Mt. Rushmore Rapid City
80%
3rd most populous city in SD, 125 miles northeast of Pierre Aberdeen
71%
National park known for its vast underground rock chambers Wind Cave
64%
Major national forest with scenic roads & 350+ miles of trails. Black Hills
63%
State Park and wildlife reserve in the Black Hills, Largest in SD Custer
56%
76,000-square-feet drug store, gift shop, and eateries Wall Drug Store
15%
Seasonal drive-through wildlife park in Pennington County Bear Country USA
10%
State nickname: ______ State Coyote
10%
Lake in the Black Hills created in 1881 by Theodore Reder Sylvan Lake
5%
Historic 19th-century, Old West-inspired hotel in Deadwood Bullock Hotel
3%
No matching quizzes found
Score Distribution
Percent of People with Each Score
Percentile by Number Answered
Your Score History
You have not taken this quiz